Normal view
MARC view
- 2 volume set.
Entry Uniform Title
001 - CONTROL NUMBER
- control field: 8762
003 - CONTROL NUMBER IDENTIFIER
- control field: NUST
005 - DATE AND TIME OF LATEST TRANSACTION
- control field: 20180118125022.0
008 - FIXED-LENGTH DATA ELEMENTS
- fixed length control field: 180118|| aca||aabn | a|a d
040 ## - CATALOGING SOURCE
- Original cataloging agency: NUST
- Transcribing agency: NUST
130 ## - HEADING--UNIFORM TITLE
- Uniform title: 2 volume set.
670 ## - SOURCE DATA FOUND
- Source citation: Work cat.: (NUST)29638: Bogachev, Vladimir I. 8761, Measure theory /, 2007.
